Maps and sections to accompany the report of the Royal Coal Commission, 1871 (Record no. 114153)

MARC details
000 -LEADER
fixed length control field 00662cam a22001935a 4500
001 - CONTROL NUMBER
control field L156283
008 - FIXED-LENGTH DATA ELEMENTS--GENERAL INFORMATION
fixed length control field 120510s1871 xxk f 000 0 eng d
035 ## - SYSTEM CONTROL NUMBER
System control number (Sirsi) u156283
041 0# - LANGUAGE CODE
Language code of text/sound track or separate title eng
110 2# - MAIN ENTRY--CORPORATE NAME
Corporate name or jurisdiction name as entry element Great Britain
Subordinate unit Royal Coal Commission
9 (RLIN) 6067
245 00 - TITLE STATEMENT
Title Maps and sections to accompany the report of the Royal Coal Commission, 1871
260 ## - PUBLICATION, DISTRIBUTION, ETC.
Place of publication, distribution, etc. [London
Name of publisher, distributor, etc. H.M.S.O.
Date of publication, distribution, etc. 1871]
300 ## - PHYSICAL DESCRIPTION
Extent 1 portfolio (10 fold. items)
Other physical details all col. ill.., maps
Dimensions fol.
520 ## - SUMMARY, ETC.
Summary, etc. Numbered: C.435-III.
583 0# - ACTION NOTE
Action Condition reviewed
Time/date of action 20120620
Status condition level 4, detached covers
651 #4 - SUBJECT ADDED ENTRY--GEOGRAPHIC NAME
Geographic name Great Britain
Chronological subdivision 1707-
690 ## - LOCAL SUBJECT ADDED ENTRY--TOPICAL TERM (OCLC, RLIN)
Topical term or geographic name as entry element Minerals and waste
9 (RLIN) 6257
942 ## - ADDED ENTRY ELEMENTS (KOHA)
Suppress in OPAC 0
Holdings
Withdrawn status Lost status Source of classification or shelving scheme Damaged status Not for loan Home library Current library Shelving location Date acquired Total Checkouts Full call number Barcode Date last seen Copy number Price effective from Koha item type
    Dewey Decimal Classification     Historic collection Historic collection Historic collection 10/05/2012   FOLIO 1871 ROYAL 30077722 06/08/2019 1 06/08/2019 Book